MOŽNOSTI ZISŤOVANIA CHARAKTERISTÍK PRUŽNOSTI DREVOTRIESKOVÝCH DOSÁK METÓDOU FÁZOVÝCH RÝCHLOSTÍ

Bibliographic Details
Main Authors: Martinček, Gustáv, 1925-2017 (Author), Beničák, Jozef (Author)
Format: Article
Language:Slovak

MARC

LEADER 00000nab a2200000uu 4500
001 vtls010886907
003 SK-MaSNL
005 20260303135625.0
008 230218|1972 xo |||||||||||||||||slo|
015 |a SNBRB 
035 |a (urnnbn)urn:nbn:sk:snk:ar-003eta 
035 |a (uuid)b673b270-3bb5-4950-a4f8-c12f412dbd0f 
035 |a urn:nbn:sk:snk-ab8hqb 
040 |a SNKBUCL  |b slo  |c SNKBUCL  |e AACR2 
041 0 |a slo 
044 |a xo  |c SK 
100 1 |a Martinček, Gustáv,  |d 1925-2017  |4 aut  |9 196986 
245 1 0 |a MOŽNOSTI ZISŤOVANIA CHARAKTERISTÍK PRUŽNOSTI DREVOTRIESKOVÝCH DOSÁK METÓDOU FÁZOVÝCH RÝCHLOSTÍ  |c Gustáv Martinček, Jozef Beničák 
700 1 |a Beničák, Jozef  |4 aut  |9 320544 
773 0 |t Drevársky výskum : sborník prác z odboru výskumu dreva  |g Roč. 17, č. 2 (1972), s. 63-83 
954 |a odborná, vedecká literatúra pôvodná (slovenská)  |2 lita 
958 |a OND 
958 |a EUIPO 
958 |a article10 
999 |c 1966708  |d 1968638